Notice of data availability related to the proposed clean power plan.

Saved in:
Bibliographic Details
Format: Book
Language:English
Published: [Research Triangle Park, N.C.] : [U.S. Environmental Protection Agency], [2014]
Subjects:
Tags: Add Tag
No Tags, Be the first to tag this record!
LEADER 01380cam a2200361 i 4500
001 014276357-8
005 20150711021518.0
006 m o d f
008 141229s2014 ncu o f000 0 eng c
035 0 |a ocn898883231 
035 |a (FDLP)ocn898883231 
040 |a GPO  |b eng  |e rda  |e pn  |c GPO  |d GPO  |d COO  |d OCLCF  |d GPO 
042 |a pcc 
043 |a n-us--- 
074 |a 0483-E-22 (online) 
086 0 |a EP 4.52:C 58/7  |z EP 5.52:C 58/7 
245 0 0 |a Notice of data availability related to the proposed clean power plan. 
246 1 |i At head of title:  |a EPA fact sheet: clean power plan 
246 1 |i Also known as:  |a Clean power plan 
264 1 |a [Research Triangle Park, N.C.] :  |b [U.S. Environmental Protection Agency],  |c [2014] 
300 |a 1 online resource (4 pages) 
336 |a text  |b txt  |2 rdacontent 
337 |a computer  |b c  |2 rdamedia 
338 |a online resource  |b cr  |2 rdacarrier 
500 |a Title from title screen (viewed Dec. 29, 2014). 
650 0 |a Carbon dioxide mitigation  |z United States. 
650 0 |a Clean energy investment  |z United States. 
650 7 |a Carbon dioxide mitigation.  |2 fast  |0 (OCoLC)fst00846840 
650 7 |a Clean energy investment.  |2 fast  |0 (OCoLC)fst01743918 
651 7 |a United States.  |2 fast  |0 (OCoLC)fst01204155 
710 1 |a United States.  |b Environmental Protection Agency,  |e issuing body. 
988 |a 20150110 
906 |0 OCLC